LDR 00778naa#a2200169#i#450# 001 RU\\bibl\119029 005 20260419071109.7 011 ## _a1999-9917 100 ## _a20260330b2026####ek#y0rusy0150####ca 102 ## _aRU 200 1# _aУСПЕШНАЯ РЕСОЦИАЛИЗАЦИЯ ЛИЦ, ОТБЫВШИХ ЛИШЕНИЕ СВОБОДЫ, ПРИВОДИТ К СНИЖЕНИЮ УРОВНЯ РЕЦИДИВА ПРЕСТУПЛЕНИЙ _eЖурнальная статья 210 1# _aРязань _cАкадемия ФСИН России _d2026 215 ## _a5 с. 608 ## _aЖурнальная статья _2local 675 ## _aОпекунский надзор за отбывшими наказание. 343.848 _z 700 #1 _aФомин _gВасилий Васильевич 856 4# _amcp.editorum.ru _u